Diccionario de gentilicios de Colombia / (Registro nro. 7470)
[ vista simple ]
| 000 -LEADER | |
|---|---|
| fixed length control field | 01049nam a22002417a 4500 |
| 003 - CONTROL NUMBER IDENTIFIER | |
| control field | OSt |
| 005 - DATE AND TIME OF LATEST TRANSACTION | |
| control field | 20210309082223.0 |
| 008 - FIXED-LENGTH DATA ELEMENTS--GENERAL INFORMATION | |
| fixed length control field | 210305s2008 ck aob|gr ||| 00| 0 spa d |
| 020 ## - INTERNATIONAL STANDARD BOOK NUMBER | |
| International Standard Book Number | 9789588323237 |
| 040 ## - CATALOGING SOURCE | |
| Original cataloging agency | CO-JMCR |
| Transcribing agency | CO-JMCR |
| 041 0# - LANGUAGE CODE | |
| Language code of text/sound track or separate title | spa |
| 082 03 - DEWEY DECIMAL CLASSIFICATION NUMBER | |
| Classification number | R 910.3 / |
| Item number | I597d |
| Edition number | 23 |
| 110 2# - MAIN ENTRY--CORPORATE NAME | |
| Corporate name or jurisdiction name as entry element | Instituto Geográfico Agustín Codazzi |
| 9 (RLIN) | 424 |
| 245 10 - TITLE STATEMENT | |
| Title | Diccionario de gentilicios de Colombia / |
| Statement of responsibility, etc. | Instituto Geográfico Agustín Codazzi |
| 260 ## - PUBLICATION, DISTRIBUTION, ETC. | |
| Place of publication, distribution, etc. | Bogotá : |
| Name of publisher, distributor, etc. | IGAC : Sociedad Geográfica de Colombia, |
| Date of publication, distribution, etc. | 2008 |
| 300 ## - PHYSICAL DESCRIPTION | |
| Extent | 170 páginas : |
| Other physical details | ilustraciones, fotografías y mapas a color ; |
| Dimensions | 29 cm. |
| 500 ## - GENERAL NOTE | |
| General note | Incluye notas a pie de página. |
| 505 0# - FORMATTED CONTENTS NOTE | |
| Formatted contents note | Antecedentes y justificación -- Objetivo -- Contexto conceptual y metodológico -- Los gentilicios -- Topónimos y gentilicios -- Gentilicios de Colombia -- A manera de conclusión |
| 650 14 - SUBJECT ADDED ENTRY--TOPICAL TERM | |
| Topical term or geographic name entry element | Nombres geográficos |
| Form subdivision | diccionarios |
| Geographic subdivision | Colombio |
| 9 (RLIN) | 14469 |
| 650 14 - SUBJECT ADDED ENTRY--TOPICAL TERM | |
| Topical term or geographic name entry element | Toponimia |
| Form subdivision | diccionarios |
| Geographic subdivision | Colombia |
| 9 (RLIN) | 14470 |
| 650 14 - SUBJECT ADDED ENTRY--TOPICAL TERM | |
| Topical term or geographic name entry element | Gentilicios |
| General subdivision | diccionarios |
| Geographic subdivision | Colombia |
| 9 (RLIN) | 14471 |
| 942 ## - ADDED ENTRY ELEMENTS (KOHA) | |
| Source of classification or shelving scheme | Dewey Decimal Classification |
| Koha item type | Books |
| Withdrawn status | Lost status | Source of classification or shelving scheme | Damaged status | Not for loan | Collection code | Home library | Current library | Date acquired | Source of acquisition | Full call number | Barcode | Date last seen | Copy number | Price effective from | Koha item type | Total Checkouts |
|---|---|---|---|---|---|---|---|---|---|---|---|---|---|---|---|---|
| Dewey Decimal Classification | Non-fiction | Biblioteca Pública José María del Castillo y Rada | Biblioteca Pública José María del Castillo y Rada | 10/02/2020 | Donación | R 910.3 / I597d | 201810548 | 03/05/2021 | Ej.1 | 03/05/2021 | Books | |||||
| Dewey Decimal Classification | Non-fiction | Biblioteca Pública José María del Castillo y Rada | Biblioteca Pública José María del Castillo y Rada | 10/02/2020 | Donación | R 910.3 / I597d | 201810945 | 03/23/2021 | Ej.2 | 03/05/2021 | Books |